| 000 | 00470nam a22001817a 4500 | ||
|---|---|---|---|
| 003 | CEME | ||
| 005 | 20210628202716.0 | ||
| 008 | 210125b xxu||||| |||| 00| 0 eng d | ||
| 020 | _a0-13-178459-5 | ||
| 040 | _c. | ||
| 082 | _a621.38152 PIE | ||
| 100 |
_aPierret, Robert .F _961194 |
||
| 245 | _aSemiconductor device fundamentals | ||
| 260 |
_aNEW YORK _bADDISON WESLEY _c1996 |
||
| 300 | _aXXIII,790P | ||
| 650 |
_aSEMICONDUCTOR DEVICES. _956062 |
||
| 942 |
_cBK _2ddc |
||
| 999 |
_c570728 _d570728 |
||